[Event "North American Open"]
[Site "Las Vegas"]
[Date "2010.12.29"]
[Round "7"]
[White "Kretchetov, Alexandre"]
[Black "Amanov, Mesgen"]
[Result "0-1"]
[WhiteElo "2353"]
[BlackElo "2553"]
[PlyCount "88"]
[EventDate "2010.12.??"]
[EventType "swiss"]
[EventRounds "7"]
[EventCountry "USA"]
[Source "MonRoi"]

1. Nf3 d5 2. d4 Nf6 3. c4 c6 4. e3 Bf5 5. Nc3 e6 6. Nh4 Be4 7. Qb3 Qb6 8. Nxe4
dxe4 9. Qxb6 axb6 10. g3 c5 11. dxc5 bxc5 12. Be2 Nc6 13. O-O Bd6 14. f4 exf3
15. Nxf3 Ke7 16. b3 Ne5 17. Bb2 Neg4 18. e4 Nxe4 19. Bxg7 Rhg8 20. Bb2 Ne3 21.
Bd3 Nxf1 22. Bxe4 Ne3 23. Bxh7 Rgb8 24. Bd3 Ra6 25. a3 Rd8 26. Re1 Bf4 27. Be2
Nc2 28. Rf1 Be3+ 29. Kh1 Nxa3 30. Ne5 f5 31. Ng6+ Kd7 32. Bf3 Bd4 33. Bc1 Nc2
34. Bxb7 Rb6 35. Bf3 Rxb3 36. g4 Ne3 37. Bxe3 Rxe3 38. gxf5 exf5 39. Bd5 Rb8
40. Bf3 Rxf3 41. Rxf3 Rb1+ 42. Kg2 Rg1+ 43. Kh3 Rxg6 44. Rxf5 Ke6 0-1

[Event "North American Open"]
[Site "Las Vegas"]
[Date "2010.12.29"]
[Round "7"]
[White "Norowitz, Yaacov"]
[Black "Young, Gregory"]
[Result "0-1"]
[WhiteElo "2540"]
[BlackElo "2328"]
[PlyCount "110"]
[EventDate "2010.12.??"]
[EventType "swiss"]
[EventRounds "7"]
[EventCountry "USA"]
[Source "MonRoi"]

1. d4 Nf6 2. Nf3 g6 3. e3 Bg7 4. Be2 d5 5. O-O O-O 6. b3 c5 7. Bb2 Ne4 8. Qc1
Qb6 9. dxc5 Qxc5 10. Bxg7 Kxg7 11. Qb2+ f6 12. Rc1 Nc6 13. c4 Rd8 14. a3 dxc4
15. Rxc4 Qd5 16. Nc3 Nxc3 17. Qxc3 Be6 18. b4 a5 19. Re1 axb4 20. axb4 Ra2 21.
Bf1 Qd6 22. Rc5 Rda8 23. Rc1 Bf7 24. h3 R8a3 25. Qe1 Rb2 26. b5 Na5 27. R5c2
Rxc2 28. Rxc2 Nb3 29. e4 Ra1 30. Qc3 Qd1 31. Nh2 Rb1 32. Rb2 Rc1 33. Qb4 Nc5
34. Rd2 Qe1 35. Rd4 e5 36. Qxe1 Rxe1 37. Rb4 Rxe4 38. Rb1 b6 39. Ng4 h5 40. Ne3
f5 41. g3 h4 42. gxh4 Rxh4 43. Ra1 Ra4 44. Rd1 Rd4 45. Ra1 Be6 46. Rc1 Kf6 47.
Nc2 Ra4 48. Rb1 f4 49. Nb4 Nb3 50. Na6 Nd2 51. Rc1 Nxf1 52. Rxf1 Bxh3 53. Rc1
f3 54. Nc7 Rg4+ 55. Kh2 Bg2 0-1

[Event "North American Open"]
[Site "Las Vegas"]
[Date "2010.12.29"]
[Round "7"]
[White "Van Wely, Loek"]
[Black "Amanov, Zhanibek"]
[Result "1-0"]
[WhiteElo "2729"]
[BlackElo "2405"]
[PlyCount "63"]
[EventDate "2010.12.??"]
[EventType "swiss"]
[EventRounds "7"]
[EventCountry "USA"]
[Source "MonRoi"]

1. d4 d5 2. c4 e6 3. Nc3 Be7 4. Nf3 Nf6 5. Bg5 h6 6. Bh4 O-O 7. e3 b6 8. Bd3
Bb7 9. O-O Nbd7 10. Qe2 Ne4 11. Bg3 Nxg3 12. hxg3 Nf6 13. Rfd1 c5 14. dxc5 bxc5
15. cxd5 exd5 16. Bc4 d4 17. exd4 Bxf3 18. Qxf3 cxd4 19. Ne2 Bc5 20. b4 Bb6 21.
a4 a5 22. b5 Rc8 23. Rac1 Qd6 24. Nf4 Rc7 25. Bb3 Re8 26. g4 Qd7 27. g3 Rec8
28. Rxc7 Rxc7 29. Kg2 Rc8 30. Ng6 Nxg4 31. Re1 Bc5 32. Ne7+ 1-0

[Event "North American Open"]
[Site "Las Vegas"]
[Date "2010.12.29"]
[Round "7"]
[White "Gulamali, Kazim"]
[Black "Sevillano, Enrico"]
[Result "1/2-1/2"]
[WhiteElo "2420"]
[BlackElo "2558"]
[PlyCount "99"]
[EventDate "2010.12.??"]
[EventType "swiss"]
[EventRounds "7"]
[EventCountry "USA"]
[Source "MonRoi"]

1. e4 c5 2. Nf3 Nc6 3. d4 cxd4 4. Nxd4 Nf6 5. Nc3 e5 6. Ndb5 d6 7. Bg5 a6 8.
Na3 b5 9. Nd5 Be7 10. Bxf6 Bxf6 11. c4 b4 12. Nc2 Rb8 13. b3 Bg5 14. g3 O-O 15.
h4 Bh6 16. Bh3 Be6 17. Kf1 Qd7 18. Kg2 f5 19. exf5 Bxf5 20. Bxf5 Qxf5 21. f3 g6
22. Qe2 Rf7 23. Rad1 a5 24. Rhf1 Rbf8 25. Qe4 Qc8 26. Rd3 Nd8 27. Nde3 Nb7 28.
Ng4 Bg7 29. Qd5 Kh8 30. Nf2 Nc5 31. Re3 Bh6 32. Qxd6 Bxe3 33. Qxe5+ Kg8 34.
Nxe3 Re8 35. Qd4 Ne6 36. Qd2 Kh8 37. Nd5 Ng7 38. Ne4 Qb8 39. Ng5 Rff8 40. Re1
Rxe1 41. Qxe1 h6 42. Ne4 Qe5 43. Nf4 Qb2+ 44. Kh3 Kh7 45. Qe3 Qa1 46. g4 Rxf4
47. Qxf4 Qh1+ 48. Kg3 Qg1+ 49. Kh3 Qh1+ 50. Kg3 1/2-1/2

[Event "North American Open"]
[Site "Las Vegas"]
[Date "2010.12.29"]
[Round "7"]
[White "Ris, Robert"]
[Black "Zimbeck, David"]
[Result "0-1"]
[WhiteElo "2516"]
[BlackElo "2333"]
[PlyCount "30"]
[EventDate "2010.12.??"]
[EventType "swiss"]
[EventRounds "7"]
[EventCountry "USA"]
[Source "MonRoi"]

1. Nf3 Nc6 2. d4 d6 3. g3 f5 4. d5 Ne5 5. Nxe5 dxe5 6. Bg2 e6 7. c4 exd5 8.
cxd5 Nf6 9. Nc3 Bd6 10. O-O O-O 11. b3 Qe8 12. a4 f4 13. e4 fxg3 14. fxg3 Bc5+
15. Kh1 Ng4 0-1

[Event "North American Open"]
[Site "Las Vegas"]
[Date "2010.12.29"]
[Round "7"]
[White "Aliyev, Timur"]
[Black "Ravichandran, Siddharth"]
[Result "0-1"]
[WhiteElo "2346"]
[BlackElo "2511"]
[PlyCount "56"]
[EventDate "2010.12.??"]
[EventType "swiss"]
[EventRounds "7"]
[EventCountry "USA"]
[Source "MonRoi"]

1. e4 c5 2. Nc3 e6 3. Nf3 a6 4. g3 b5 5. Bg2 Bb7 6. d3 d6 7. O-O Qc7 8. Re1 Nd7
9. b3 Be7 10. Bb2 Bf6 11. d4 cxd4 12. Nxd4 Qb6 13. e5 Bxe5 14. Ne4 Bxe4 15.
Bxe4 Rc8 16. a4 Ne7 17. a5 Qa7 18. Qd2 d5 19. Bg2 Bf6 20. Kh1 O-O 21. Rad1 Nc6
22. c3 Ndb8 23. Ba3 Rfe8 24. Qe3 h6 25. Bd6 Nxa5 26. Ra1 Nac6 27. Bxb8 Nxb8 28.
Ra2 b4 0-1

[Event "North American Open"]
[Site "Las Vegas"]
[Date "2010.12.29"]
[Round "7"]
[White "Bryant, John"]
[Black "Langer, Michael"]
[Result "1-0"]
[WhiteElo "2500"]
[BlackElo "2309"]
[PlyCount "45"]
[EventDate "2010.12.??"]
[EventType "swiss"]
[EventRounds "7"]
[EventCountry "USA"]
[Source "MonRoi"]

1. e4 c5 2. c3 d6 3. d4 Nf6 4. Bd3 g6 5. h3 Bg7 6. Nf3 O-O 7. O-O b6 8. e5 Ne8
9. dxc5 d5 10. cxb6 Qxb6 11. Re1 Nc6 12. Nbd2 f6 13. exf6 Nxf6 14. c4 Ba6 15.
cxd5 Bxd3 16. dxc6 Rad8 17. Qb3+ Kh8 18. Ne5 Nh5 19. Qxb6 axb6 20. Ndf3 Nf6 21.
Be3 Be4 22. Bxb6 Rc8 23. Rac1 1-0

[Event "North American Open"]
[Site "Las Vegas"]
[Date "2010.12.29"]
[Round "7"]
[White "Sharma, Arun"]
[Black "Mikhailuk, Slava"]
[Result "1-0"]
[WhiteElo "2298"]
[BlackElo "2431"]
[PlyCount "90"]
[EventDate "2010.12.??"]
[EventType "swiss"]
[EventRounds "7"]
[EventCountry "USA"]
[Source "MonRoi"]

1. d4 d5 2. c4 e6 3. Nc3 c5 4. cxd5 exd5 5. Nf3 Nc6 6. g3 Nf6 7. Bg2 Be7 8. O-O
O-O 9. Bg5 cxd4 10. Nxd4 h6 11. Be3 Re8 12. Nxc6 bxc6 13. Na4 Bg4 14. h3 Bf5
15. Rc1 Qd7 16. Kh2 Rab8 17. a3 h5 18. b4 Bd6 19. Nc5 Qe7 20. Qd4 Be5 21. Qd2
h4 22. Bf4 Nh5 23. Bxe5 Qxe5 24. Qg5 hxg3+ 25. fxg3 g6 26. Bf3 Ng7 27. Qd2 Re7
28. Nb3 Bd7 29. Qd4 Qg5 30. Rc3 Nh5 31. Qf2 Qe5 32. Nd4 Rbe8 33. Bg4 Bxg4 34.
hxg4 Ng7 35. Rxc6 Ne6 36. Nxe6 fxe6 37. Qf3 Rh7+ 38. Kg2 Rc7 39. Rxc7 Qxc7 40.
Qf6 Qg7 41. g5 Qxf6 42. Rxf6 Kg7 43. Kf3 e5 44. Rd6 e4+ 45. Ke3 Re5 1-0

[Event "North American Open"]
[Site "Las Vegas"]
[Date "2010.12.29"]
[Round "7"]
[White "De Guzman, Ricardo"]
[Black "Weiss, Allen"]
[Result "1-0"]
[WhiteElo "2465"]
[BlackElo "2194"]
[PlyCount "127"]
[EventDate "2010.12.??"]
[EventType "swiss"]
[EventRounds "7"]
[EventCountry "USA"]
[Source "MonRoi"]

1. c4 c5 2. Nc3 Nc6 3. g3 g6 4. Bg2 Bg7 5. e3 e5 6. Nge2 Nge7 7. b3 O-O 8. O-O
d6 9. Bb2 Be6 10. Rc1 Rb8 11. a3 f5 12. d3 Bf7 13. Qd2 Kh8 14. Rb1 d5 15. cxd5
Nxd5 16. Rfd1 Nde7 17. Ba1 b5 18. Qc2 Qa5 19. a4 Nb4 20. Qc1 a6 21. Rd2 Rfd8
22. Qd1 Rd7 23. Na2 Nxa2 24. Rxa2 e4 25. Bxg7+ Kxg7 26. d4 Nc6 27. Qc1 Nb4 28.
Qxc5 Rd5 29. Qc3 Kg8 30. Raa1 Rdd8 31. g4 bxa4 32. bxa4 Rdc8 33. Qe1 Bc4 34.
Nf4 Qb6 35. gxf5 gxf5 36. Kh1 a5 37. Bf1 Bf7 38. Bb5 Qf6 39. Rc1 Kh8 40. Rxc8+
Rxc8 41. Rc1 Rg8 42. Qe2 Qg5 43. f3 Nd5 44. Nxd5 Bxd5 45. f4 Qxf4 46. Bc6 Qd6
47. Bxd5 Qxd5 48. Qa6 Rf8 49. Qh6 Qg8 50. Qd6 Qf7 51. Rc7 Qf6 52. Qd7 Qg6 53.
Qd5 f4 54. Qe5+ Qf6 55. Qxe4 Qg6 56. Qe5+ Qf6 57. exf4 Qxe5 58. fxe5 Kg8 59. e6
Rd8 60. e7 Rb8 61. d5 Kf7 62. d6 Ke6 63. Rc6 Kd7 64. Ra6 1-0

[Event "North American Open"]
[Site "Las Vegas"]
[Date "2010.12.29"]
[Round "7"]
[White "Lee, Michael"]
[Black "Ristovic, Nenad"]
[Result "1-0"]
[WhiteElo "2432"]
[BlackElo "2278"]
[PlyCount "121"]
[EventDate "2010.12.??"]
[EventType "swiss"]
[EventRounds "7"]
[EventCountry "USA"]
[Source "MonRoi"]

1. c4 e6 2. Nc3 d5 3. d4 Nf6 4. cxd5 exd5 5. Nf3 c6 6. Bg5 Be7 7. e3 h6 8. Bh4
Bf5 9. Bd3 Bxd3 10. Qxd3 Nbd7 11. O-O O-O 12. Rab1 a5 13. Rfc1 Ne8 14. Bg3 Bd6
15. Ne2 Ndf6 16. Bxd6 Nxd6 17. Ng3 Nd7 18. Nf5 Nc4 19. Nd2 Nxd2 20. Qxd2 Nb6
21. b3 Kh7 22. Qc2 g6 23. Ng3 Qe7 24. Ne2 Nc8 25. Nf4 Nd6 26. Nd3 Nb5 27. Rb2
Na3 28. Qd2 Rfc8 29. Qe1 Kg7 30. Re2 Re8 31. Rc5 a4 32. Ra5 axb3 33. axb3 Nb5
34. Rea2 Rxa5 35. Qxa5 Qe4 36. Qd2 f6 37. h3 g5 38. Ra1 Rb8 39. Nc5 Qe7 40. Qc2
h5 41. h4 Kh6 42. hxg5+ Kxg5 43. Qd2 Kg6 44. Qd3+ f5 45. e4 Nd6 46. Qg3+ Kh7
47. exf5 Rg8 48. Qf3 Qg5 49. f6 Qg4 50. Qxg4 Rxg4 51. Ne6 Kg8 52. f3 Rg6 53.
Nf4 Rh6 54. Kf2 Kf7 55. Re1 Nf5 56. g4 hxg4 57. fxg4 Rh2+ 58. Kf3 Nd6 59. Re7+
Kg8 60. g5 Ne4 61. f7+ 1-0

[Event "North American Open"]
[Site "Las Vegas"]
[Date "2010.12.29"]
[Round "7"]
[White "Landaw, Julian"]
[Black "Karklins, Andrew"]
[Result "0-1"]
[WhiteElo "2341"]
[BlackElo "2226"]
[PlyCount "102"]
[EventDate "2010.12.??"]
[EventType "swiss"]
[EventRounds "7"]
[EventCountry "USA"]
[Source "MonRoi"]

1. e4 e5 2. Nf3 f5 3. Nxe5 Qf6 4. d4 d6 5. Nc4 fxe4 6. Nc3 Qg6 7. Bf4 Nf6 8. d5
Be7 9. Qd2 O-O 10. h3 Nbd7 11. O-O-O Nb6 12. Nxb6 axb6 13. Kb1 Bd7 14. g4 Ra5
15. Bg2 Rfa8 16. Qd4 Qf7 17. g5 Nh5 18. Be3 Nf4 19. Bxf4 Qxf4 20. h4 Rf8 21.
Qxe4 Qxe4 22. Nxe4 Rf4 23. Rd2 Ra4 24. Nc3 Rac4 25. Re2 Bd8 26. Be4 h6 27. gxh6
gxh6 28. Rg1+ Kf8 29. h5 Bf6 30. f3 Rh4 31. Nd1 Rxh5 32. b3 Rd4 33. c3 Rdxd5
34. Bxd5 Rxd5 35. f4 b5 36. Kc1 Kf7 37. Rg3 h5 38. Nf2 h4 39. Rge3 Rh5 40. Nh3
Rc5 41. Ng5+ Rxg5 42. fxg5 Bxg5 43. Kd2 h3 44. Rh2 Kg6 45. Ke2 Bxe3 46. Kxe3
Kg5 47. Rh1 Kh4 48. Kf4 Bc6 49. Rg1 Bg2 50. Re1 h2 51. Re8 Bf3 0-1

[Event "North American Open"]
[Site "Las Vegas"]
[Date "2010.12.29"]
[Round "7"]
[White "Steinfl, Alessandr"]
[Black "Liu, Elliott"]
[Result "0-1"]
[WhiteElo "2238"]
[BlackElo "2340"]
[PlyCount "74"]
[EventDate "2010.12.??"]
[EventType "swiss"]
[EventRounds "7"]
[EventCountry "USA"]
[Source "MonRoi"]

1. d4 g6 2. c4 Bg7 3. Nc3 c5 4. d5 Bxc3+ 5. bxc3 f5 6. Nf3 Qa5 7. Bd2 Nf6 8. h4
d6 9. Ng5 h6 10. Nh3 Nbd7 11. Nf4 Rg8 12. h5 g5 13. Ng6 Nb6 14. e3 Qa4 15. Qb3
e6 16. dxe6 Bxe6 17. Bd3 Rg7 18. f3 O-O-O 19. e4 fxe4 20. fxe4 Bg4 21. O-O Nfd7
22. e5 Bxh5 23. e6 Bxg6 24. exd7+ Rdxd7 25. Rf8+ Rd8 26. Rxd8+ Kxd8 27. Bxg6
Rxg6 28. Qb1 Re6 29. Qh7 Qd7 30. Qd3 Qe7 31. Rf1 Re4 32. Qh3 Nxc4 33. Bc1 Re1
34. Qxh6 Rxc1 35. Rxc1 Qe3+ 36. Kh2 Qf4+ 37. g3 Qd2+ 0-1

[Event "North American Open"]
[Site "Las Vegas"]
[Date "2010.12.29"]
[Round "7"]
[White "Coleman, Teddy"]
[Black "Wang, Lidong"]
[Result "1-0"]
[WhiteElo "2309"]
[BlackElo "2167"]
[PlyCount "97"]
[EventDate "2010.12.??"]
[EventType "swiss"]
[EventRounds "7"]
[EventCountry "USA"]
[Source "MonRoi"]

1. d4 d5 2. c4 e6 3. Nc3 c6 4. e3 Bd6 5. Nf3 f5 6. Rg1 Nf6 7. h3 h5 8. h4 Nbd7
9. Bd3 Ne4 10. Bd2 Ndf6 11. Ne2 Ng4 12. Rf1 Qe7 13. a3 e5 14. cxd5 Nexf2 15.
Rxf2 Nxf2 16. Kxf2 e4 17. Ng5 exd3 18. Nc3 Bd7 19. dxc6 Bxc6 20. Rc1 a6 21. Qb3
Rd8 22. Rf1 Rf8 23. Ke1 g6 24. Kd1 Rf6 25. Nd5 Bxd5 26. Qxd5 Bxa3 27. Qg8+ Kd7
28. Qb3 Bd6 29. Qxd3 Kc8 30. Ke2 Kb8 31. Kf2 f4 32. e4 Bc5 33. Bc3 Bb6 34. Kg1
Ka8 35. Kh1 Qd7 36. d5 Rff8 37. Qf3 Rde8 38. e5 Qg4 39. Qxg4 hxg4 40. e6 Rf5
41. d6 Rd5 42. d7 Rg8 43. Bf6 Kb8 44. Re1 Be3 45. Nf7 Kc7 46. g3 f3 47. d8=Q+
Rgxd8 48. Bxd8+ Kc8 49. Bg5 1-0

[Event "North American Open"]
[Site "Las Vegas"]
[Date "2010.12.29"]
[Round "7"]
[White "Gu, Christopher"]
[Black "Rubsamen, Corneliu"]
[Result "1/2-1/2"]
[WhiteElo "2153"]
[BlackElo "2275"]
[PlyCount "62"]
[EventDate "2010.12.??"]
[EventType "swiss"]
[EventRounds "7"]
[EventCountry "USA"]
[Source "MonRoi"]

1. e4 e6 2. d4 d5 3. Nc3 Bb4 4. e5 c5 5. Bd2 Ne7 6. Nb5 Bxd2+ 7. Qxd2 O-O 8. f4
Nbc6 9. Nf3 a6 10. Nd6 Nxd4 11. Nxd4 cxd4 12. Bd3 Qb6 13. O-O Bd7 14. a4 Nc8
15. Nxc8 Raxc8 16. Qe2 g6 17. b3 Qc5 18. Qg4 Qe7 19. Rf3 f5 20. Qg3 b5 21. a5
b4 22. Qf2 Qc5 23. Bxa6 Ra8 24. Bd3 Rxa5 25. Rxa5 Qxa5 26. Qxd4 Ra8 27. Rf1 Bb5
28. Bxb5 Qxb5 29. c3 bxc3 30. Qxc3 Qb6+ 31. Kh1 d4 1/2-1/2

[Event "North American Open"]
[Site "Las Vegas"]
[Date "2010.12.29"]
[Round "7"]
[White "Brownscombe, Tom"]
[Black "Karas, Nicholas"]
[Result "1/2-1/2"]
[WhiteElo "2200"]
[BlackElo "2134"]
[PlyCount "135"]
[EventDate "2010.12.??"]
[EventType "swiss"]
[EventRounds "7"]
[EventCountry "USA"]
[Source "MonRoi"]

1. e4 c5 2. Nf3 d6 3. d4 cxd4 4. Nxd4 Nf6 5. Nc3 a6 6. a4 e5 7. Nf3 Be7 8. Bc4
O-O 9. h3 Qc7 10. Ba2 Nbd7 11. O-O b6 12. Nd5 Nxd5 13. Bxd5 Bb7 14. c4 Rac8 15.
b3 Nf6 16. Qe2 Nxd5 17. cxd5 Qc2 18. Qxc2 Rxc2 19. Be3 f5 20. Rfc1 Rfc8 21.
Rxc2 Rxc2 22. exf5 Bxd5 23. Ne1 Rc3 24. b4 Rb3 25. Bxb6 Rxb4 26. a5 Kf7 27. Nc2
Rb3 28. Ne3 Be4 29. Rc1 Rb1 30. Rxb1 Bxb1 31. Nd5 Bxf5 32. Nxe7 Kxe7 33. Kf1
Bd3+ 34. Ke1 d5 35. h4 Ke6 36. g3 Kf5 37. Bc5 Bb1 38. Bf8 g6 39. Bd6 Ke6 40.
Bc7 d4 41. Bb8 Kd5 42. Bc7 e4 43. Bb6 Kc4 44. Kd2 Bd3 45. Ba7 Bf1 46. Bb6 Kd5
47. Ba7 Ke5 48. Bb6 Bc4 49. Ba7 Bb5 50. Bb6 Kd5 51. Ba7 Kc4 52. Bb6 Kb4 53.
Bxd4 Kxa5 54. Kc3 Be2 55. Kb3 Kb5 56. Ka3 Kc4 57. Be3 Kc3 58. Ka4 Kc2 59. Ka5
Kd1 60. Bb6 Ke1 61. Be3 h6 62. Bb6 Kf1 63. Be3 Kg2 64. Bb6 g5 65. hxg5 hxg5 66.
Be3 Kf3 67. Bb6 e3 68. Bxe3 1/2-1/2

[Event "North American Open"]
[Site "Las Vegas"]
[Date "2010.12.29"]
[Round "7"]
[White "Kitagami, Show"]
[Black "Dykes, Denton"]
[Result "1-0"]
[WhiteElo "2199"]
[BlackElo "2129"]
[PlyCount "111"]
[EventDate "2010.12.??"]
[EventType "swiss"]
[EventRounds "7"]
[EventCountry "USA"]
[Source "MonRoi"]

1. c4 e6 2. Nf3 d5 3. d4 c6 4. Nc3 f5 5. g3 Nf6 6. Bg2 Bd6 7. O-O O-O 8. a4 a5
9. Qb3 Nbd7 10. Ng5 Qe7 11. Nh3 h6 12. Nf4 Bxf4 13. Bxf4 g5 14. Bc1 Qb4 15.
Qxb4 axb4 16. Nd1 dxc4 17. Bd2 Nd5 18. Bxd5 exd5 19. Bxb4 Re8 20. Nc3 b6 21.
Ba3 Nf6 22. f3 f4 23. Kf2 Bf5 24. gxf4 gxf4 25. Bd6 Nh5 26. Bc7 Ra6 27. Rfe1
Kf7 28. e4 fxe3+ 29. Rxe3 Rxe3 30. Kxe3 b5 31. a5 Bc2 32. Na2 Ba4 33. Nb4 Ra8
34. Nxc6 Ng7 35. Be5 Nf5+ 36. Ke2 Ne7 37. Nxe7 Kxe7 38. Bc7 Kd7 39. Bb6 Re8+
40. Kf2 Kc6 41. Rg1 Bc2 42. Rg7 Bd3 43. Rc7+ Kd6 44. a6 Re2+ 45. Kg3 Rxb2 46.
a7 Ra2 47. Rc8 b4 48. a8=Q Rxa8 49. Rxa8 Kc6 50. Bc5 Kb7 51. Ra4 b3 52. Ba3 Bc2
53. Bb2 Kc6 54. Rb4 Bf5 55. Kf4 Bc8 56. Ke5 1-0

[Event "North American Open"]
[Site "Las Vegas"]
[Date "2010.12.29"]
[Round "7"]
[White "Williams, John"]
[Black "Perepelitsky, Edward"]
[Result "1/2-1/2"]
[WhiteElo "2117"]
[BlackElo "2169"]
[PlyCount "79"]
[EventDate "2010.12.??"]
[EventType "swiss"]
[EventRounds "7"]
[EventCountry "USA"]
[Source "MonRoi"]

1. e4 c5 2. Nf3 d6 3. d4 cxd4 4. Nxd4 Nf6 5. Nc3 a6 6. Bg5 e6 7. f4 Qc7 8. Qf3
b5 9. Bd3 b4 10. Nce2 Nbd7 11. O-O-O Bb7 12. Bxf6 gxf6 13. Qh5 Nc5 14. f5 e5
15. Ne6 Nxd3+ 16. Kb1 Qb6 17. cxd3 Ke7 18. Rhf1 Qe3 19. Nxf8 Rhxf8 20. Ng3 a5
21. Rfe1 Qd4 22. Qh6 Ra6 23. Ne2 Qb6 24. Qh4 Rc8 25. g4 Qe3 26. Ng1 Qg5 27.
Qxg5 fxg5 28. Nf3 f6 29. Rc1 Rac6 30. Rxc6 Bxc6 31. h4 h6 32. hxg5 hxg5 33. Rh1
Bb5 34. Rh7+ Kd8 35. Ne1 Rc7 36. Rxc7 Kxc7 37. Kc2 Kb6 38. Kd2 Be8 39. b3 Bf7
40. Nc2 1/2-1/2